Logo BPK

Biblioteka

Politechniki Koszalińskiej

Vorrichtungsbau. (Rekord nr 34825)

Szczegóły MARC
000 -ETYKIETA REKORDU
podpole kontrolne o stałej długości 00355nam a2200145 i 4500
001 - NUMER KONTROLNY REKORDU
pole kontrolne bg
040 ## - ŹRÓDŁO KATALOGOWANIA
Instytucja, która utworzyła rekord BPK
041 ## - KOD JĘZYKA
Kod języka tekstu pol
008 - POLE O STAŁEJ DŁUGOŚCI - DANE KONTROLNE
podpole kontrolne o stałej długości s pl f |000 0 pol
100 1# - NAZWA OSOBOWA
Nazwa osobowa MAURI, H.
245 00 - TYTUŁ/ODPOWIEDZIALNOŚĆ
Tytuł Vorrichtungsbau.
Oznaczenie części/sekcji dzieła Bd. 3,
Tytuł części/sekcji dzieła Wirtschaftliche Herstellung /
Pozostałe elementy strefy tytułu i oznaczenia odpowiedzialności H. Mauri.
250 ## - STREFA WYDANIA
Oznaczenie wydania Aufl.6 neubearb.
260 ## - STREFA ADRESU WYDAWNICZEGO
Miejsce wydania Berlin,
Data publikacji, dystrybucji/powstania dokumentu 1969.
856 ## - LOKALIZACJA I DOSTĘP DO ELEKTRONICZNYCH DOKUMENTÓW ZDALNYCH
Link (URL) http://koha.tu.koszalin.pl/cgi-bin/koha/opac-detail.pl?biblionumber=34825
Tekst linku Katalog online BPK
942 ## - DODATKOWE ELEMENTY (KOHA)
Typ dokumentu Książka
Egzemplarze
Wycofany Status egzemplarza Uszkodzony Dostępność Lokalizacja stała Lokalizacja bieżąca Miejsce przechowywania Sygnatura Kod kreskowy Typ dokumentu
      Dostępny Biblioteka Politechniki Koszalińskiej Biblioteka Politechniki Koszalińskiej Wypożyczalnia BG 16247/2 01734294 Książka
© 2023 Biblioteka Politechniki Koszalińskiej :: KOHA